000
00270nam a22001217a 4500
008
170303b xxu||||| |||| 00| 0 eng d
041
_a
eng
080
_2
4ED
_a
575
100
_a
6
101
_a
SHM
245
_a
MOLECULAR BIOLOGY OF THE GENE
_c
HOPKINS.W
942
_2
udc
_c
BK
999
_c
6757
_d
6757